[Event "4NCL 2010-11"]
[Site "Daventry ENG"]
[Date "2011.03.27"]
[Round "8.13"]
[White "Ferguson,M"]
[Black "Josse,Mar"]
[Result "1/2-1/2"]
[WhiteElo "2379"]
[BlackElo "2159"]

1.e4 c5 2.Nf3 d6 3.Bb5+ Bd7 4.Bxd7+ Qxd7 5.O-O Nc6 6.c3 Nf6 7.d4 cxd4 8.cxd4 d5
9.e5 Ng8 10.Nc3 e6 11.Ne2 Nge7 12.Nf4 h5 13.Be3 Nf5 14.Rc1 Be7 15.Nd3 b6
16.Rc3 Nb4 17.a3 Nxd3 18.Qxd3 O-O 19.Rfc1 Rfc8 20.Qa6 Rxc3 21.Rxc3 Rb8 22.Bd2 Rb7
23.g3 g6 24.h3 Rc7 25.Kg2 Rxc3 26.Bxc3 Kg7 27.Qd3 Qa4 28.Qd2 Qc4 29.g4 hxg4
30.hxg4 Nh6 31.Nh2 b5 32.f3 Bd8 33.Nf1 a6 34.Ne3 Qc7 35.Nc2 a5 36.Na1 a4
37.Nc2 Ng8 38.Nb4 Qc4 39.Nc2 Ne7 40.Ne3 Qb3 41.Kg3 g5 42.Qc2 Qxc2  1/2-1/2

[Event "12th ch-EUR"]
[Site "Aix-les-Bains FRA"]
[Date "2011.03.28"]
[Round "7.114"]
[White "Favarel,A"]
[Black "Berbatov,K"]
[Result "0-1"]
[WhiteElo "2267"]
[BlackElo "2454"]

1.e4 c5 2.Nf3 d6 3.Bb5+ Nd7 4.d4 cxd4 5.Qxd4 a6 6.Bxd7+ Bxd7 7.Nc3 Rc8 8.Bg5 h6
9.Bh4 e5 10.Qd3 g5 11.Bg3 Nf6 12.h4 g4 13.Ng1 b5 14.a3 Qa5 15.O-O-O Rxc3
16.Qxc3 Qxc3 17.bxc3 Nxe4 18.Ne2 Bc6 19.Rhg1 h5 20.Kb2 Ke7 21.f3 Nxg3 22.Nxg3 gxf3
23.gxf3 Bxf3 24.Rdf1 Bg4 25.Nf5+ Ke6 26.Ne3 f5 27.c4 Bh6 28.Nxg4 hxg4  0-1

[Event "ch-VIE Men Places"]
[Site "Da Lat VIE"]
[Date "2011.03.28"]
[Round "1.2"]
[White "Nguyen Van Hai"]
[Black "Nguyen Duc Hoa"]
[Result "0-1"]
[WhiteElo "2264"]
[BlackElo "2466"]

1.e4 c5 2.Nf3 d6 3.Bb5+ Nd7 4.O-O a6 5.Bxd7+ Bxd7 6.d4 e6 7.Re1 Qc7 8.Nc3 Be7
9.Bg5 f6 10.Bh4 g5 11.Bg3 cxd4 12.Qxd4 h5 13.e5 dxe5 14.Nxe5 h4 15.Qxd7+ Qxd7
16.Nxd7 hxg3 17.Nb6 gxf2+ 18.Kxf2 Rd8 19.Rxe6 Kf7 20.Rae1 Rd2+ 21.Kf3 f5
22.Nbd5 g4+ 23.Kf4 Rf2+ 24.Ke5 Rxg2 25.Rf1 Rgxh2 26.Rxf5+ Ke8 27.Nxe7 Nxe7
28.Rg5 Kd7 29.Rd6+ Kc7  0-1

[Event "1st Armen Norouz Cup"]
[Site "Esfahan IRI"]
[Date "2011.03.29"]
[Round "7"]
[White "Dehghani,Ho"]
[Black "Nazemi,P"]
[Result "0-1"]
[WhiteElo "2008"]
[BlackElo "1905"]

1.e4 c5 2.Nf3 d6 3.Bb5+ Nd7 4.c4 Nf6 5.O-O e6 6.Nc3 Be7 7.d3 O-O 8.a3 Qc7
9.Qe2 Rd8 10.Ne1 d5 11.exd5 Nb6 12.dxe6 Bxe6 13.Ne4 a6 14.Bxa6 Rxa6 15.Ng3 Nc8
16.f4 Bd7 17.f5 Bd6 18.Bg5 Bxg3 19.hxg3 Qxg3 20.Bxf6 Rxf6 21.Nf3 Re8 22.Qc2 Rxf5
23.Qb3 Bc6 24.d4 Bxf3 25.Rxf3 Rxf3 26.Qxf3 Qxf3 27.gxf3 cxd4 28.c5  0-1

[Event "12th ch-EUR"]
[Site "Aix-les-Bains FRA"]
[Date "2011.03.31"]
[Round "9.59"]
[White "Bologan,V"]
[Black "Conquest,S"]
[Result "1-0"]
[WhiteElo "2671"]
[BlackElo "2529"]

1.e4 c5 2.Nf3 d6 3.Bb5+ Bd7 4.Bxd7+ Nxd7 5.O-O Ngf6 6.Qe2 e6 7.d4 cxd4 8.Nxd4 Be7
9.c4 a6 10.b3 O-O 11.Bb2 Qb6 12.Rd1 Rfe8 13.Nc3 Rac8 14.Kh1 Nf8 15.Rd2 Ng6
16.Rf1 Qa5 17.f4 Qh5 18.Qxh5 Nxh5 19.f5 Nf8 20.g4 Nf6 21.g5 Nh5 22.Rg1 Bd8
23.Nc2 Bc7 24.Rg4 Nd7 25.Rh4 g6 26.Ne3 Ne5 27.Ng4 Nxg4 28.Rxg4 b5 29.fxe6 fxe6
30.cxb5 Ba5 31.Rd3 axb5 32.e5 d5 33.Rf3 Bxc3 34.Bxc3 Rf8 35.Rxf8+ Kxf8 36.Bb4+ Ke8
37.Rg1 Ng7 38.a4 bxa4 39.bxa4 Nf5 40.a5 Kd7 41.a6 Ra8 42.Ra1 Nd4 43.Ra2 Kc6
44.a7 Kb6 45.Ba5+ Kc6 46.Be1 Nf3 47.Bg3 Kb7 48.Bf2 Nxg5 49.Rb2+ Kc8 50.Kg2 Nf7
51.Bc5 Nd8 52.Kf3 Nc6 53.Kf4 h6 54.Ke3 Nxa7 55.Rb6 Rb8 56.Rxe6 Rb3+ 57.Kf4 Nb5
58.Rxg6 Rc3 59.Bf8 Rc4+ 60.Kf5 Nd4+ 61.Kf6 Rc6+ 62.Bd6 Nb5 63.Rg8+ Kd7 64.Rg7+ Kc8
65.Ke6 d4 66.Kd5 Rc2 67.Rg3 Rxh2 68.e6 Re2 69.Rg8+ Kb7 70.Rb8+ Ka6 71.e7 d3
72.Rxb5 Rxe7 73.Kc6 Re1 74.Rb6+ Ka7 75.Rb3 Ra1 76.Bc5+ Ka8 77.Rxd3  1-0

[Event "12th ch-EUR"]
[Site "Aix-les-Bains FRA"]
[Date "2011.03.31"]
[Round "9.60"]
[White "Jansa,Vl"]
[Black "Georgiev,Ki"]
[Result "0-1"]
[WhiteElo "2513"]
[BlackElo "2666"]

1.e4 c5 2.Nf3 d6 3.Bb5+ Nd7 4.d4 a6 5.Bxd7+ Bxd7 6.Nc3 cxd4 7.Qxd4 Rc8 8.Bg5 h6
9.Bh4 e5 10.Qd3 g5 11.Bg3 Nf6 12.O-O-O Qa5 13.Nd2 Be6 14.Nb3 Bxb3 15.axb3 Qa1+
16.Nb1 Be7 17.f3 O-O 18.h4 Nh5 19.Be1 Nf4 20.Qf1 Rc6 21.hxg5 Bxg5 22.Bd2 Rfc8
23.c4 Rb6 24.b4 Rbc6 25.Kc2 Qa4+ 26.b3 Rxc4+  0-1

[Event "XXVIII Victor Ciocaltea Mem"]
[Site "Bucharest ROU"]
[Date "2011.03.31"]
[Round "7"]
[White "Soltanici,R"]
[Black "Tazbir,M"]
[Result "1/2-1/2"]
[WhiteElo "2373"]
[BlackElo "2527"]

1.e4 c5 2.Nf3 d6 3.Bb5+ Nc6 4.O-O Bd7 5.Re1 a6 6.Bxc6 Bxc6 7.d4 cxd4 8.Nxd4 Bd7
9.c4 Rc8 10.b3 Nf6 11.Bb2 e6 12.Nc3 Be7 13.Qd3 O-O 14.Rad1 Qa5 15.Re3 g6
16.Qd2 Qg5 17.Qe2 Rfd8 18.Ba3 Qa5 19.Nc2 e5 20.Qd2 Kg7 21.Bb4 Qb6 22.Rd3 Bg4
23.Re1 Rd7 24.h3 Be6 25.Rd1 Rc6 26.Kh2 Qc7 27.Ne3 Qb8 28.f3 b5 29.cxb5 axb5
30.Ncd5 Bxd5 31.Nxd5 Nxd5 32.Rxd5 Ra7 33.Bxd6 Bxd6 34.Rxd6 Rxd6 35.Qxd6 Qxd6
36.Rxd6 Rxa2 37.Rd5 b4 38.Rb5 Rb2 39.Rxb4 f5 40.Rb7+ Kf6 41.exf5 gxf5 42.Rxh7 Rxb3
43.h4 Rb4 44.Kh3 e4 45.fxe4 Rxe4 46.Rh6+ Kg7 47.Ra6 Rb4 48.Ra3 Rb1 49.Kg3 Rb4
50.Kh3 Rb1 51.Rg3+ Kf6 52.Rg8 Rb3+ 53.Kh2 Rb4 54.g3 Rb2+ 55.Kh3 Rb1 56.Ra8 Kg6
57.Ra6+ Kg7 58.Kg2 Rb3 59.h5 Rc3 60.Rg6+ Kf7 61.Ra6 Kg7 62.Rb6 Ra3 63.Rc6 Rb3
64.h6+ Kh7 65.Rf6 Ra3 66.Kh3  1/2-1/2

[Event "12th ch-EUR"]
[Site "Aix-les-Bains FRA"]
[Date "2011.04.01"]
[Round "10"]
[White "McShane,L"]
[Black "Zherebukh,Y"]
[Result "1-0"]
[WhiteElo "2683"]
[BlackElo "2560"]

1.e4 c5 2.Nf3 d6 3.Bb5+ Nd7 4.d4 Nf6 5.O-O cxd4 6.Qxd4 e5 7.Qd3 Be7 8.Nc3 O-O
9.Bxd7 Nxd7 10.Be3 b6 11.Nd2 Bb7 12.Rfd1 Rc8 13.a4 Nc5 14.Bxc5 Rxc5 15.Nc4 Qa8
16.Ne3 Rfc8 17.Ncd5 Bg5 18.c3 Bxe3 19.Ne7+ Kh8 20.Nxc8 Bxf2+ 21.Kxf2 Rxc8
22.Qxd6 Bxe4 23.Qxe5 Bxg2 24.Rd4 h6 25.Rad1 Qf3+ 26.Ke1 Rc6 27.Kd2 Re6 28.Qf4 Qe2+
29.Kc1 Be4 30.R1d2 Qe1+ 31.Rd1 Qe2 32.R4d2 Qc4 33.Qxf7 Qa2 34.Rd8+ Kh7 35.Qg8+ Kg6
36.Qxe6+  1-0

[Event "Karposh Open"]
[Site "Skopje MKD"]
[Date "2011.04.02"]
[Round "1"]
[White "Petrovski,I"]
[Black "Jianu,V"]
[Result "1/2-1/2"]
[WhiteElo "2177"]
[BlackElo "2545"]

1.e4 c5 2.Nf3 d6 3.Bb5+ Nd7 4.d4 cxd4 5.Qxd4 a6 6.Bxd7+ Bxd7 7.Nc3 Rc8 8.O-O Nf6
9.Qd3 g6 10.Bg5 Bg7 11.Rad1 Be6 12.Rfe1 O-O 13.Nd4 Bc4 14.Qd2 Re8 15.b3 Be6
16.a4 Qc7 17.Bxf6 Bxf6 18.Nce2 b5 19.axb5 axb5 20.Nxb5 Qxc2 21.Qxc2 Rxc2
22.Ned4 Rc5 23.Nxe6 fxe6 24.Nd4 Kf7 25.Nf3 Bc3 26.Re3 h6 27.Ne1 Rb8 28.Nd3 Rcb5
29.Rf3+ Bf6 30.Rb1 Ke8 31.Nf4 g5 32.Ne2 Rb4 33.Re3 Ra8 34.Nc1 Bd4 35.Re2 Rc8
36.Nd3 Rb5 37.Ne1 Rcb8 38.Rd2 Ba7 39.Ra2 R8b7 40.b4 Re5 41.Re2 d5 42.Kf1 dxe4
43.Nf3 Reb5 44.Rxe4 Bc5 45.Rxe6 Rxb4 46.Rxb4 Rxb4 47.Rxh6 Rb2 48.Rh8+ Kf7
49.Nxg5+ Kg7 50.Rc8 Rxf2+ 51.Ke1 Bb6 52.Ne6+ Kh7 53.Ng5+ Kg7 54.Ne6+ Kh7
55.Ng5+ Kg7 56.Ne6+  1/2-1/2

[Event "FSFMB April"]
[Site "Budapest HUN"]
[Date "2011.04.05"]
[Round "4"]
[White "Mayer,I"]
[Black "Kozak,Adam"]
[Result "1-0"]
[WhiteElo "2023"]
[BlackElo "1690"]

1.e4 c5 2.Nf3 d6 3.Bb5+ Nd7 4.a4 Nf6 5.Nc3 g6 6.d4 cxd4 7.Qxd4 Bg7 8.Bg5 O-O
9.Rd1 a6 10.Be2 Ng4 11.Qd2 Qb6 12.O-O Ngf6 13.Rfe1 Nc5 14.Bxf6 Bxf6 15.Nd5 Qc6
16.Nd4 Qxa4 17.b4 Nxe4 18.Qe3 Bf5 19.g4 Bg5 20.f4 Bh4 21.Rf1 Bf2+ 22.Rxf2 Nxf2
23.Qxf2 Bxc2 24.Nb6 Bxd1 25.Nxa4 Bxa4 26.f5 Kg7 27.g5 Kg8 28.Qe3 e5 29.fxe6 fxe6
30.Qxe6+ Kh8 31.Qxd6 Rae8 32.Bc4 Bc6 33.Nxc6  1-0

[Event "11th European Senior"]
[Site "Courmayeur ITA"]
[Date "2011.04.06"]
[Round "1.16"]
[White "Frank,Alb"]
[Black "Gruzmann,B"]
[Result "1/2-1/2"]
[WhiteElo "1909"]
[BlackElo "2281"]

1.e4 c5 2.Nf3 d6 3.Bb5+ Bd7 4.a4 Nc6 5.O-O Nf6 6.Re1 e5 7.c3 Be7 8.d4 Qc7
9.Na3 O-O 10.Bxc6 Bxc6 11.d5 Bd7 12.Bg5 a6 13.c4 h6 14.Bxf6 Bxf6 15.Nc2 g6
16.Qd2 Kg7 17.b4 Bd8 18.bxc5 Qxc5 19.Reb1 Rb8 20.Qb4 Qxb4 21.Nxb4 Ba5 22.c5 Bxb4
23.Rxb4 dxc5 24.Rc4 Kf6 25.Rxc5 Rfc8 26.Rxc8 Rxc8 27.h3 Rc4 28.Rb1 Bc8 29.Rb6+ Kg7
30.Nxe5 Rxe4 31.Ng4 Rxa4 32.Nf6 Rd4 33.Ne8+ Kf8 34.Nd6 Bf5 35.Nxb7 Rxd5 36.Rxa6 h5
37.Nd6 Bd3 38.Rb6 h4 39.Nc8 Bf5 40.Rd6 Rc5 41.Rd8+ Kg7 42.Nd6  1/2-1/2

[Event "11th European Senior"]
[Site "Courmayeur ITA"]
[Date "2011.04.07"]
[Round "2.37"]
[White "Beltrami,N"]
[Black "Renzini,L"]
[Result "1-0"]
[WhiteElo "1956"]
[BlackElo "1747"]

1.e4 c5 2.Nf3 d6 3.Bb5+ Bd7 4.Bxd7+ Nxd7 5.O-O Ngf6 6.Nc3 g6 7.d3 Bg7 8.Ng5 h6
9.Nh3 e5 10.f4 exf4 11.Nxf4 Nb6 12.Qf3 O-O 13.Bd2 Qd7 14.h3 Rfd8 15.Rae1 g5
16.Nh5 Nxh5 17.Qxh5 f6 18.h4 Qf7 19.Qxf7+ Kxf7 20.hxg5 hxg5 21.Bxg5 Kg6 22.Bh4 Rh8
23.Bg3 Rad8 24.Rf5 Rh5 25.Ref1 Rd7 26.Rxh5 Kxh5 27.Rf5+ Kg6 28.a4 Nc8 29.Nd5 b6
30.b3 Kf7 31.Rf3 Ne7 32.Ne3 Nc6 33.Nf5 Bf8 34.c3 Ne5 35.Bxe5 dxe5 36.Kf2 Ke6
37.Rh3 a6 38.c4 Rb7 39.Rh6 Rf7 40.Kf3 Kd7 41.Kg4 Ke6 42.Kh5 Be7 43.Rh8 b5
44.axb5 axb5 45.Kg6 Rf8  1-0

[Event "11th European Senior"]
[Site "Courmayeur ITA"]
[Date "2011.04.09"]
[Round "4.26"]
[White "Miednikova,S"]
[Black "Sevenyuk,A"]
[Result "1-0"]
[WhiteElo "2169"]
[BlackElo "1932"]

1.e4 c5 2.Nf3 d6 3.Bb5+ Bd7 4.Bxd7+ Nxd7 5.O-O g6 6.c3 Bg7 7.d4 e5 8.dxe5 Nxe5
9.Nxe5 dxe5 10.Qb3 Qb6 11.Qa4+ Qc6 12.Qxc6+ bxc6 13.Be3 Nf6 14.Nd2 Nd7 15.Rfd1 f5
16.f3 f4 17.Bf2 Rb8 18.Nc4 Bf8 19.Rd2 h6 20.b3 g5 21.Nd6+ Bxd6 22.Rxd6 Rc8
23.Rad1 Rh7 24.Re6+ Kf8 25.Rdd6 h5 26.Rxc6 Rxc6 27.Rxc6 h4 28.Bxc5+ Nxc5
29.Rxc5 Re7 30.Kf2 Kf7 31.h3 Ke6 32.Rc6+ Kf7 33.c4 Rd7 34.Ke2 Rb7 35.c5 a5
36.Rb6 Ra7 37.Kd3 Rd7+ 38.Rd6  1-0

[Event "11th European Senior"]
[Site "Courmayeur ITA"]
[Date "2011.04.09"]
[Round "4.1"]
[White "Okhotnik,V"]
[Black "Plachetka,J"]
[Result "1/2-1/2"]
[WhiteElo "2458"]
[BlackElo "2355"]

1.e4 c5 2.Nf3 d6 3.Bb5+ Bd7 4.c4 Nf6 5.Nc3 g6 6.d4 cxd4 7.Nxd4 Bg7 8.Be3 O-O
9.h3 a6 10.Bxd7 Nbxd7 11.Rc1 Qa5 12.Qd2 Rfc8 13.b3 b5 14.Nb1 Qxd2+ 15.Nxd2 Nc5
16.Ke2 Ncxe4 17.Nxe4 Nxe4 18.cxb5 Bxd4 19.Bxd4 axb5 20.Rxc8+ Rxc8 21.Kd3 f5
22.f3 Nc5+ 23.Bxc5 Rxc5 24.a4 b4 25.Ra1 Rc3+ 26.Kd2 Rxb3 27.a5 Rc3 28.a6 Rc8
29.a7 Ra8 30.Kc2 e5 31.Kb3 Kf7 32.Kxb4 Ke6 33.Kb5 e4 34.f4 e3 35.Kc6 d5 36.Kc5 e2
37.Re1 Rxa7 38.Rxe2+ Kf6 39.Kxd5 Ra4 40.g3 Ra3 41.Rg2 Rd3+ 42.Kc4 Rd1 43.Ra2 Rh1
44.g4 fxg4 45.hxg4 Rf1 46.Ra6+ Kg7 47.Ra7+ Kf6 48.Ra6+ Kg7  1/2-1/2

[Event "Vorobets Memorial"]
[Site "Lviv UKR"]
[Date "2011.04.10"]
[Round "5"]
[White "Sop,S"]
[Black "Zheliandinov,V"]
[Result "0-1"]
[WhiteElo "1995"]
[BlackElo "2378"]

1.e4 c5 2.Nf3 d6 3.Bb5+ Bd7 4.Bxd7+ Qxd7 5.O-O Nc6 6.c3 Nf6 7.Re1 e6 8.d4 cxd4
9.cxd4 d5 10.e5 Ne4 11.Nbd2 Nxd2 12.Bxd2 Be7 13.Rc1 O-O 14.Rc3 Rfc8 15.a3 Nd8
16.Rd3 Qb5 17.Rb3 Qa4 18.Bg5 Bxg5 19.Nxg5 h6 20.Nf3 Rc4 21.Qd3 Rac8 22.h4 R8c7
23.Qe3 Nc6 24.Rd3 Rc2 25.Re2 Na5 26.Rxc2 Qxc2 27.b3 Qc1+ 28.Qxc1 Rxc1+ 29.Kh2 Kf8
30.g4 f6 31.Kg2 Ra1 32.a4 Rb1 33.Nd2 Rd1 34.Kf3 Rg1 35.Kf4 Nc6 36.Nf3 Rc1
37.h5 Nb4 38.Re3 Rc2 39.Kg3 Nc6 40.Rd3 a6 41.Ne1 Rc1 42.Ng2 Nb4 43.Re3 Rd1
44.Rc3 Nc6 45.b4 Rb1 46.b5 axb5 47.a5 b4 48.Rc5 Ra1 49.Rb5 Nxa5 50.Rxb4 Ra3+
51.Kh4 Rb3 52.Ra4 Nc6 53.f4 Rd3 54.Ra2 Nxd4 55.Ra7 Nf3+ 56.Kg3 Nxe5+ 57.Kh4 Nf3+
58.Kg3 Rb3 59.Ra8+ Kf7 60.Kf2  0-1

[Event "ch-POR Youth U18"]
[Site "Torres Vedras POR"]
[Date "2011.04.11"]
[Round "2.5"]
[White "Correia,A"]
[Black "Ulyanovskyy,Vl UKR"]
[Result "0-1"]
[WhiteElo "1681"]
[BlackElo "2056"]

1.e4 c5 2.Nf3 d6 3.Bb5+ Bd7 4.Bxd7+ Nxd7 5.Qe2 Ngf6 6.O-O a6 7.c3 e6 8.d4 cxd4
9.cxd4 Be7 10.Nc3 O-O 11.h3 Nb6 12.Be3 Rc8 13.Nd2 Qe8 14.Rfc1 Na4 15.Nxa4 Qxa4
16.Qd3 Qb5 17.Qxb5 axb5 18.a3 d5 19.f3 Nd7 20.Bf4 Nb6 21.Rc7 Rxc7 22.Bxc7 Na8
23.Ba5 Rc8 24.Bc3 Nb6 25.Rc1 Bg5 26.Rd1 Na4 27.Nb1 h5 28.Rd3 Nb6 29.Nd2 Na4
30.Nb1 f5 31.e5 Nb6 32.Nd2 h4 33.Kf2 Kf7 34.Ke2 Na4 35.Nb1 Nxb2 36.Bxb2 Rc2+
37.Nd2 Rxb2 38.Kd1 Ke7 39.Kc1 Rxd2 40.Rxd2 Bxd2+ 41.Kxd2 Kd7 42.Kc3 Kc6 43.Kb3 f4
44.Kc3 Kb6 45.Kb4 g6 46.a4 bxa4 47.Kxa4 Ka6 48.Kb4 b5 49.Kc5 Ka5 50.Kd6 b4
51.Kxe6 b3 52.Kxd5 b2 53.Kd6 b1=Q 54.d5 Kb6 55.e6 Qb4+ 56.Ke5 Kc7 57.Kf6 Qf8+  0-1

[Event "60th ch-BUL w Final"]
[Site "Bankya BUL"]
[Date "2011.04.12"]
[Round "1.5"]
[White "Videnova,I"]
[Black "Nikolova,A"]
[Result "1/2-1/2"]
[WhiteElo "2304"]
[BlackElo "2311"]

1.e4 c5 2.Nf3 d6 3.Bb5+ Bd7 4.Bxd7+ Qxd7 5.c4 Nf6 6.Nc3 g6 7.d4 cxd4 8.Nxd4 Bg7
9.f3 O-O 10.O-O Rc8 11.b3 d5 12.exd5 Nxd5 13.Nxd5 e6 14.Bh6 exd5 15.Bxg7 Kxg7
16.Nb5 dxc4 17.Nd6 Rd8 18.Nxb7 Qxd1 19.Raxd1 Rxd1 20.Rxd1 cxb3 21.axb3 Nc6
22.Rd7 a5 23.Rd6 Rb8 24.Rxc6 Rxb7 25.Rc3 Rb4 26.Kf2 g5 27.Rc5 Kg6 28.Rxa5 Rxb3
29.Ra6+ f6 30.g4 h6 31.Kg3 Rc3 32.Ra5 h5 33.gxh5+ Kxh5 34.h4 Kg6 35.hxg5  1/2-1/2

[Event "Vorobets Memorial"]
[Site "Lviv UKR"]
[Date "2011.04.13"]
[Round "9"]
[White "Kaya,E"]
[Black "Huda,Mary"]
[Result "0-1"]
[WhiteElo "2046"]
[BlackElo "2217"]

1.e4 c5 2.Nf3 d6 3.Bb5+ Bd7 4.Bxd7+ Qxd7 5.O-O Nc6 6.c3 Nf6 7.Re1 e6 8.d4 cxd4
9.cxd4 d5 10.e5 Ne4 11.Nbd2 Nxd2 12.Bxd2 Be7 13.Rc1 O-O 14.Rc3 Rfc8 15.h4 Nd8
16.Rd3 Qb5 17.Bc3 Qc4 18.Ng5 h6 19.Rh3 b5 20.Qg4 b4 21.Bd2 Qc2 22.Ne4 h5
23.Qxh5 dxe4 24.Bh6 e3 25.Bxe3 Qg6 26.Qf3 Qf5 27.Qe2 a6 28.Rf3 Qc2 29.g3 Qxe2
30.Rxe2 Rc7 31.Bf4 Rd7 32.Rc2 Raa7 33.Rd3 Rac7 34.Rxc7 Rxc7 35.Kf1 Rc2 36.Rd2 Rxd2
37.Bxd2 Nc6 38.Be3 Kf8 39.Ke2 Ke8 40.Kd3 g6 41.f4 Kd7 42.Ke4 a5 43.b3 Na7
44.Bf2 Nb5 45.g4 Nc3+ 46.Kd3 Ke8 47.a3 Nd1 48.axb4 Nxf2+ 49.Ke2 Nxg4 50.bxa5 Kd7
51.Kf3 Nh6 52.Ke4 Kc6 53.a6 Nf5 54.a7 Kb7 55.d5 exd5+ 56.Kxd5 Kxa7 57.e6 fxe6+
58.Kxe6 Bxh4 59.Kf7 Ne7 60.Ke6 Kb6  0-1

[Event "Chinese League"]
[Site "Ningbo CHN"]
[Date "2011.04.13"]
[Round "2"]
[White "Wang Chen"]
[Black "Zhou Jianchao"]
[Result "0-1"]
[WhiteElo "2435"]
[BlackElo "2660"]

1.e4 c5 2.Nf3 d6 3.Bb5+ Nc6 4.O-O Bd7 5.c3 a6 6.Ba4 b5 7.Bc2 e5 8.h3 Nf6
9.d4 Be7 10.a4 O-O 11.d5 Na5 12.b4 cxb4 13.cxb4 Nc4 14.Nbd2 Nb6 15.a5 Na4
16.Nb1 Qc7 17.Bd3 Nh5 18.Ra2 g6 19.Rc2 Qb7 20.Bh6 Rfc8 21.Rxc8+ Rxc8 22.Qd2 Bf8
23.Be3 f5 24.exf5 gxf5 25.Ng5 Nf6 26.f4 e4 27.Bc2 Qxd5 28.Qxd5+ Nxd5 29.Bb3 Rc4
30.Ba7 Nxb4 31.Bxc4+ bxc4 32.h4 d5 33.Nh3 Nc6 34.Bf2 c3 35.Rc1 d4 36.Be1 Nxa5
37.Nxc3 dxc3 38.Bxc3 Nb3 39.Rc2 Nxc3 40.Rxc3 Nc5 41.Rg3+ Bg7 42.h5 h6 43.Rg6 Be8
44.Rd6 Bxh5 45.Rd5 Nd3 46.Nf2 Nxf2 47.Kxf2 Bg4 48.Ke3 Bf8 49.Kd4 Bb4 50.Rd7 a5
51.Rc7 a4 52.Rc4 Bd6 53.g3 a3 54.Ra4 Kf7 55.Kd5 e3 56.Kxd6 e2 57.Ra7+ Kg6  0-1

[Event "Chinese League"]
[Site "Ningbo CHN"]
[Date "2011.04.14"]
[Round "3"]
[White "Ma Qun"]
[Black "Le Quang Liem"]
[Result "0-1"]
[WhiteElo "2427"]
[BlackElo "2689"]

1.e4 c5 2.Nf3 d6 3.Bb5+ Bd7 4.Bxd7+ Qxd7 5.c4 Nf6 6.Nc3 g6 7.d4 cxd4 8.Nxd4 Bg7
9.O-O O-O 10.h3 Rc8 11.b3 b5 12.Ndxb5 Nxe4 13.Qf3 Qf5 14.Qe3 Nxc3 15.Nxc3 Nc6
16.Bb2 d5 17.cxd5 Nb4 18.Rac1 Nxa2 19.Nxa2 Bxb2 20.Rxc8+ Rxc8 21.Qxa7 Qxd5
22.Qxe7 Qxb3 23.Nb4 Kg7 24.Rb1 Qc4 25.Nd3 Bd4 26.Ne5 Qa2 27.Rf1 Rc2 28.Nd7 h5
29.Qe4 Qc4 30.Qe7 Rc1 31.Rxc1 Qxc1+ 32.Kh2 Qf4+ 33.Kh1 Qxf2  0-1

[Event "TCh-RUS Premier"]
[Site "Olginka RUS"]
[Date "2011.04.15"]
[Round "4"]
[White "Bologan,V"]
[Black "Kryakvin,D"]
[Result "1-0"]
[WhiteElo "2671"]
[BlackElo "2573"]

1.e4 c5 2.Nf3 d6 3.Bb5+ Bd7 4.Bxd7+ Nxd7 5.O-O Ngf6 6.Qe2 Rc8 7.b3 g6 8.Bb2 Bg7
9.d4 cxd4 10.Bxd4 Nc5 11.e5 dxe5 12.Bxe5 O-O 13.Rd1 Ncd7 14.Na3 a6 15.Nc4 b5
16.Ne3 Qb6 17.Bd4 Qb8 18.a4 e5 19.Bb2 e4 20.Nd4 bxa4 21.Rxa4 Nc5 22.Ra2 Rfd8
23.Qe1 Qb7 24.b4 Ncd7 25.Nb3 Nb8 26.Rxd8+ Rxd8 27.Nc5 Qc6 28.Qa1 Nh5 29.Bxg7 Nxg7
30.Nxa6 Nxa6 31.Rxa6 Qb7 32.Qa5 Qe7 33.Ra8 Ne6 34.c4 Rxa8 35.Qxa8+ Kg7 36.Nd5 Qg5
37.Qa1+ Kh6 38.Qc3 f5 39.g3 Qg4 40.Qd2+ Kg7 41.Ne3 Qf3 42.Qd7+ Kf6 43.Nd5+ Kg5
44.h4+ Kg4 45.Ne3+ Kh3 46.Qxe6 Qe2 47.Qd6 Qe1+ 48.Nf1  1-0

[Event "Zagreb Open A"]
[Site "Zagreb CRO"]
[Date "2011.04.15"]
[Round "5.23"]
[White "Kristovic,M"]
[Black "Banas,J"]
[Result "0-1"]
[WhiteElo "2320"]
[BlackElo "2306"]

1.e4 c5 2.Nf3 d6 3.Bb5+ Bd7 4.Bxd7+ Nxd7 5.d4 cxd4 6.Qxd4 Ngf6 7.Nc3 g6 8.e5 dxe5
9.Nxe5 Bg7 10.Nxd7 Qxd7 11.Be3 Qc6 12.O-O O-O 13.Rad1 Rfc8 14.Qh4 b5 15.Qb4 a5
16.Qxb5 Qxb5 17.Nxb5 Rxc2 18.Bd4 a4 19.Bc3 Ne4 20.Bxg7 Kxg7 21.f3 Nf6 22.b3 axb3
23.Nd4 Rb2 24.a3 Rxa3 25.Rf2 Rxf2 26.Kxf2 Ra2+ 27.Ne2 Rb2 28.Ke1 e6 29.Rd2 Ra2
30.Nc3 b2 31.Nb1 Nd5 32.Kf2 Nb6 33.Rc2 Na4 34.Rd2 Ra1 35.Rd1 Nc3  0-1

[Event "Zagreb Open B"]
[Site "Zagreb CRO"]
[Date "2011.04.16"]
[Round "6.2"]
[White "Naglic,M"]
[Black "Vadla,Z"]
[Result "0-1"]
[WhiteElo "2167"]
[BlackElo "2156"]

1.e4 c5 2.Nf3 d6 3.Bb5+ Nd7 4.d4 Nf6 5.Nc3 cxd4 6.Qxd4 e5 7.Qe3 Be7 8.O-O O-O
9.b3 a6 10.Bxd7 Bxd7 11.Bb2 Rc8 12.Rac1 b5 13.a3 Rc5 14.Rcd1 Qc7 15.Ne1 Be6
16.Kh1 Rc8 17.Rd3 Qb7 18.f3 h6 19.g3 a5 20.a4 b4 21.Nb5 d5 22.exd5 Nxd5 23.Qe4 f6
24.Rf2 Qb6 25.Kg2 Nc7 26.Nxc7 Qxc7 27.g4 Qc6 28.Qxc6 R8xc6 29.Re2 Kf7 30.h3 Bd6
31.Red2 Bc7 32.Kf2 g6 33.Ke2 f5 34.Kd1 e4 35.fxe4 fxg4 36.Rf2+ Ke8 37.hxg4 Bxg4+
38.Kc1 Re6 39.Bg7 Rxe4 40.Ng2 h5 41.Kb1 Be5 42.Rf8+ Ke7 43.Bxe5 Rexe5 44.Rdd8 Bf5
45.Ne3 Rxe3 46.Rde8+ Kd6 47.Rxe3 Bxc2+ 48.Kb2 Bf5 49.Rd8+ Kc7 50.Rd2 h4 51.Rh2 h3
52.Rg3 Kd6 53.Re2 Re5 54.Rd2+ Ke6 55.Rf2 Re4 56.Kc1 Rh4 57.Rh2 Ke5 58.Kd2 Kf4
59.Rg1 Kf3 60.Ke1 Re4+ 61.Kd2 Rd4+ 62.Ke1 Rd3 63.Rf2+ Ke4 64.Rb2 Kd4 65.Ke2 Be4
66.Ke1 Kc3 67.Re2 Bf5 68.Re5 Kxb3 69.Ke2 Rc3 70.Kf2 Kxa4 71.Ra1+ Ra3 72.Rd1 Ra2+
73.Kg3 Rg2+ 74.Kf4 h2 75.Ra1+ Kb3 76.Re3+ Kb2 77.Rae1 Rc2 78.Ke5 a4 79.Kd4 a3
80.Re5 a2 81.Ra5 b3 82.Rh1 Re2 83.Kc4 Be4 84.Ra1 Kxa1 85.Kc3 h1=Q  0-1

[Event "ch-AZE U20 Boys"]
[Site "Baku AZE"]
[Date "2011.04.17"]
[Round "7.1"]
[White "Izzat,Kanan Azar oglu"]
[Black "Rasulov,Vu"]
[Result "0-1"]
[WhiteElo "2181"]
[BlackElo "2499"]

1.e4 c5 2.Nf3 d6 3.Bb5+ Nd7 4.d4 Nf6 5.Nc3 cxd4 6.Nxd4 a6 7.Bd3 e6 8.f4 Be7
9.Be3 O-O 10.Qf3 Qc7 11.g4 Nc5 12.g5 Nfd7 13.O-O-O b5 14.Kb1 b4 15.Nce2 Bb7
16.h4 f5 17.Qh3 Nxd3 18.Nxe6 Qc4 19.cxd3 Qxe6 20.Nd4 Qf7 21.Nxf5 Nc5 22.Bd4 Nxe4
23.Nxe7+ Qxe7 24.Rhe1 Rxf4 25.dxe4 Rxe4 26.Qb3+ d5 27.Rxe4 Qxe4+ 28.Ka1 a5
29.Qg3 Rf8 30.b3 Qf4 31.Qxf4 Rxf4 32.h5 Rh4 33.h6 gxh6 34.gxh6 Bc6 35.Bg7 Kf7
36.Rf1+ Ke8 37.Rf8+ Kd7 38.Rf7+ Kc8 39.Rf8+ Kb7 40.Rf7+ Ka6 41.Rf2 Be8 42.a3 Bg6
43.axb4 axb4 44.Kb2 Kb5 45.Rd2 Be4 46.Bf8 Rf4 47.Bg7 Rf1 48.Be5 Kc6 49.Ka2 Rf3
50.Kb2 Bd3 51.Bd4 Rh3 52.Bg7 Kc5 53.Rg2 Rf3 54.Rh2 Bg6 55.Rd2 Rf4 56.Rg2 Bf5
57.Bf8+ Kb5 58.Bd6 Rh4 59.Bf8 d4 60.Kc1 Rh3 61.Rg5 Rf3 62.Bg7 d3 63.Rg2 Rf1+
64.Kd2 Kc6 65.Bd4 Rh1 66.Rf2 Bg6 67.Bg7 Kd5 68.Bf8 Rh4 69.Ke3 Ke6 70.Bg7 Kd7
71.Bf8 Ke8 72.Kd2 Kd7 73.Ke3 Rh3+ 74.Rf3 d2  0-1

[Event "TCh-CZE 2010-11"]
[Site "Czech Rep CZE"]
[Date "2011.04.17"]
[Round "11.3"]
[White "Jansa,Vl"]
[Black "Dydyshko,V"]
[Result "1/2-1/2"]
[WhiteElo "2499"]
[BlackElo "2547"]

1.e4 c5 2.Nf3 d6 3.Bb5+ Nd7 4.d4 cxd4 5.Qxd4 a6 6.Bxd7+ Bxd7 7.Nc3 e5 8.Qd3 h6
9.Be3 Nf6 10.Nd2 Rc8 11.Nc4 Be6 12.Nb6 Rc6 13.Nbd5 Bxd5 14.Nxd5 Nxd5 15.Qxd5 Qc8
16.O-O Be7 17.c4 Rxc4 18.Rfc1 Rc6 19.b4 O-O 20.a4 Rxc1+ 21.Rxc1 Qd7 22.b5  1/2-1/2

[Event "TCh-CZE 2010-11"]
[Site "Czech Rep CZE"]
[Date "2011.04.17"]
[Round "11.5"]
[White "Velicka,P"]
[Black "Leniart,A"]
[Result "1/2-1/2"]
[WhiteElo "2490"]
[BlackElo "2442"]

1.e4 c5 2.Nf3 d6 3.Bb5+ Nd7 4.d4 Nf6 5.O-O a6 6.Bxd7+ Nxd7 7.Nc3 cxd4 8.Qxd4 e6
9.Rd1 Qb6 10.Qxb6 Nxb6 11.Bf4 e5 12.Be3 Nc4 13.Nd5 Nxe3 14.fxe3 Rb8 15.Nb6 f6
16.Rd3 Bd7 17.Nxd7 Kxd7 18.c4 Be7 19.Rad1 Ke6 20.Nd2 Rhc8 21.b3 b5 22.Kf1 g6
23.Ke2 h5 24.Rc1 Rc6 25.Rdc3 Rbc8 26.Kd3 b4 27.R3c2 f5 28.Rf1 a5 29.a4 bxa3
30.Ra2 a4 31.Rxa3 fxe4+ 32.Kxe4 axb3 33.Rxb3 Ra8 34.Kd3 d5 35.cxd5+ Kxd5
36.Rfb1 Ke6 37.Rb6 Ra3+ 38.R6b3 Ra2  1/2-1/2

[Event "13th Dubai Open"]
[Site "Dubai UAE"]
[Date "2011.04.17"]
[Round "8"]
[White "Mansour,Sam"]
[Black "Carlsson,P"]
[Result "0-1"]
[WhiteElo "2301"]
[BlackElo "2496"]

1.Nf3 c5 2.e4 d6 3.Bb5+ Nd7 4.O-O a6 5.Be2 Ngf6 6.d3 e6 7.a4 b6 8.Re1 Be7
9.Bf1 O-O 10.c3 Bb7 11.Nbd2 e5 12.d4 exd4 13.cxd4 cxd4 14.Nxd4 Re8 15.Nf5 Bf8
16.Nc4 Nxe4 17.f3 d5 18.fxe4 dxc4 19.Qg4 g6 20.Bg5 Qc8 21.Nh6+ Bxh6 22.Bxh6 Ne5
23.Qh4 Ng4 24.Re2 Rxe4 25.Rxe4 Bxe4  0-1

[Event "Norsk Open A"]
[Site "Fagernes NOR"]
[Date "2011.04.17"]
[Round "5"]
[White "Kovachev,D"]
[Black "Eriksen,M"]
[Result "1-0"]
[WhiteElo "2307"]
[BlackElo "2002"]

1.e4 c5 2.Nf3 d6 3.Bb5+ Bd7 4.Bxd7+ Qxd7 5.c4 Nc6 6.d4 cxd4 7.Nxd4 g6 8.Nc3 Bg7
9.Nde2 Nf6 10.f3 O-O 11.O-O Rfd8 12.Bg5 h6 13.Be3 Ne5 14.b3 Kh7 15.Qd2 Rdc8
16.Rfd1 Qd8 17.Rab1 Qa5 18.Rdc1 a6 19.a4 h5 20.Kh1 Qd8 21.Nf4 Nfd7 22.Nfd5 Nc5
23.a5 Ncd7 24.Na4 Rc6 25.h3 f6 26.f4 Nf7 27.Nab6 Nxb6 28.Nxb6 Rb8 29.f5 g5
30.Qe2 Kh6 31.Bd4 Qe8 32.Rf1 Qd8 33.g3 Qe8 34.Kg2 Qd8 35.Be3 Qe8 36.h4 Ne5
37.Rh1 Qf7 38.g4 Kh7 39.hxg5 fxg5 40.Rxh5+ Kg8  1-0

[Event "Norsk Open A"]
[Site "Fagernes NOR"]
[Date "2011.04.17"]
[Round "7"]
[White "Gyldenas,O"]
[Black "Eriksen,M"]
[Result "1/2-1/2"]
[WhiteElo "2053"]
[BlackElo "2002"]

1.e4 c5 2.Nf3 d6 3.Bb5+ Bd7 4.Bxd7+ Qxd7 5.c4 Nc6 6.d4 cxd4 7.Nxd4 g6 8.Nc3 Bg7
9.Nde2 Nf6 10.f3 O-O 11.O-O a6 12.a4 e6 13.Kh1 Qc7 14.Be3 Rfd8 15.Rb1 Rac8
16.Qd2 Nb4 17.b3 d5 18.exd5 exd5 19.Ne4 dxe4 20.Qxb4 exf3 21.Rxf3 Ng4 22.Bf4 Qd7
23.Rbf1 f5 24.h3 Ne5 25.Bxe5 Bxe5 26.Nf4 Bxf4 27.Rxf4 Re8 28.c5 Qd5 29.Rc4 Re2
30.Rg1 Re3 31.Kh2 Qe5+ 32.Kh1 Qd5 33.Kh2 Qe5+ 34.Kh1 Qd5 35.Kh2  1/2-1/2